Normal view
MARC view
Entry Personal Name
001 - CONTROL NUMBER
- control field: 46960
003 - CONTROL NUMBER IDENTIFIER
- control field: ARRUPE
005 - DATE AND TIME OF LATEST TRANSACTION
- control field: 20190712111843.0
008 - FIXED-LENGTH DATA ELEMENTS
- fixed length control field: 190712|| aca||aabn | a|a d
040 ## - CATALOGING SOURCE
- Original cataloging agency: ARRUPE
- Transcribing agency: ARRUPE
100 ## - HEADING--PERSONAL NAME
- Personal name: Jeanne Marie Penvenne
670 ## - SOURCE DATA FOUND
- Source citation: Work cat.: (ARRUPE)13684: Penvenne, Jeanne Marie 46954, African workers and colonial racism, 1994